000
00294nam a2200121Ia 4500
008
190216s9999||||xx |||||||||||||| ||und||
100
_a
John Dunlop
245
0
_a
Economic Growth In The United States
260
_b
Central Book Depot
_c
1961
300
_a
394p
650
_a
Economics
942
_c
BK
999
_c
9187
_d
9187